| 000 | 00000nas 2200000za 4500 |
| 001 | 9.503490 |
| 003 | CaOODSP |
| 005 | 20251125145454 |
| 007 | cr ||||||||||| |
| 008 | 150406c20109999oncar p o f0 b0fre|d |
| 022 | |a1925-380X |
| 040 | |aCaOODSP|bfre |
| 043 | |an-cn--- |
| 086 | 1 |aA71-32F-PDF |
| 245 | 00|aRevue d'information sur les marchés de la pomme de terre |h[ressource électronique]. |
| 260 | |a[Ottawa] : |bAgriculture et agroalimentaire Canada, |c2010- |
| 310 | |aAnnuel |
| 362 | 1 |aParaît depuis 2009/2010. |
| 500 | |aPublié aussi en anglais sous le titre : Potato market information review. |
| 550 | |aPréparé 2009/2010-2016/2017 par la Section des analyses et des renseignements sur les marchés, Division de l'horticulture et des cultures spéciales; 2018/2019- par la Division des cultures et de l'horticulture. |
| 691 | 07|aDéveloppement des marchés|2gcpds |
| 691 | 07|aProduit agro-alimentaire|2gcpds |
| 710 | 1 |aCanada.|bAgriculture et agroalimentaire Canada.|bDivision de l'horticulture et des cultures spéciales.|bSection des analyses et des renseignements sur les marchés. |
| 710 | 1 |aCanada. |bAgriculture et agroalimentaire Canada. |bDivision des cultures et de l'horticulture. |
| 775 | 08|tPotato market information review |w(CaOODSP)9.507104 |
| 776 | 0#|tRevue d'information sur les marchés de la pomme de terre / |w(CaOODSP)9.514135 |